Statistics for August Alsina Charting Songs (Billboard Hot 100)

Click here to take the quiz!

General Stats

  • This quiz has been taken 7 times
  • The average score is 5 of 6

Answer Stats

AlbumWeeks OnPeakArtist(s)Song% Correct
I Changed a Lot20 Weeks#39DJ Khaled ft. Chris Brown, August Alsina, Future & JeremihHold You Down
100%
Major Key20 Weeks#27DJ Khaled ft. Nicki Minaj, Chris Brown, August Alsina, Jeremih, Future & Rick RossDo You Mind
75%
Downtown: Life Under the Gun and Testimony20 Weeks#48August Alsina ft. Trinidad JamesI Luv This Shit
75%
Testimony18 Weeks#69August AlsinaNo Love
75%
Luca Brasi 29 Weeks#90Kevin Gates ft. August AlsinaI Don't Get Tired
75%
Canal Street Confidential1 Week#97Curren$y ft. August Alsina & Lil WayneBottom of the Bottle
50%

Score Distribution

Percentile by Number Answered

Percent of People with Each Score

Your Score History

You have not taken this quiz